[Event "Antwerp-ch Experts"]
[Site "Antwerp"]
[Date "1999.??.??"]
[Round "?"]
[White "Huyck, Walter"]
[Black "Keustermans, Helmut"]
[Result "0-1"]
[WhiteElo "1910"]
[BlackElo "2035"]
[PlyCount "190"]
[EventDate "1999.??.??"]
[EventType "tourn"]
[EventRounds "9"]
[EventCountry "BEL"]
[SourceTitle "EXT 2006"]
[Source "ChessBase"]
[SourceDate "2005.11.24"]
[SourceVersion "1"]
[SourceVersionDate "2005.11.24"]
[SourceQuality "1"]

1. d4 e6 2. c4 Nf6 3. Nc3 d5 4. cxd5 Nxd5 5. e4 Nxc3 6. bxc3 Be7 7. Bd3 0-0 8. Ne2 c5 9. 0-0 Nc6 10. Bb2 cxd4 11. cxd4 Nb4 12. Bc4 Bd7 13. a3 b5 14. Bb3 Nc6 15. d5 exd5 16. Bxd5 Rc8 17. Rc1 Bf6 18. Qd2 Bxb2 19. Qxb2 Qb6 20. Ng3 g6 21. Qf6 Qd8 22. Qxd8 Rfxd8 23. Rfd1 Be6 24. h3 a5 25. Rc5 Na7 26. Rdc1 b4 27. Ne2 Rxc5 28. Rxc5 b3 29. Nc3 b2 30. Nb1 Rc8 31. Rxc8+ Bxc8 32. Bc4 Nc6 33. f4 Kf8 34. Kf2 g5 35. Ke3 gxf4+ 36. Kxf4 Ke7 37. g4 h6 38. h4 f6 39. g5 fxg5+ 40. hxg5 hxg5+ 41. Kxg5 Ne5 42. Bb3 Ba6 43. Bc2 Bc4 44. Kf4 Kd6 45. Nc3 Ba6 46. Nb1 Nc4 47. Bb3 Bb5 48. Bc2 a4 49. e5+ Nxe5 50. Nc3 Bc6 51. Nd1 Nc4 52. Nxb2 Nxb2 53. Bxa4 Nxa4 54. Ke3 Ke5 55. Kd3 Bb5+ 56. Ke3 Bc4 57. Kf3 Nc3 58. Ke3 Nd5+ 59. Kf3 Kf5 60. a4 Ba6 61. a5 Bb5 62. Kg3 Nb4 63. Kf3 Nc6 64. Ke3 Ke5 65. Kf3 Nxa5 66. Ke3 Nc6 67. Kf3 Ne7 68. Ke3 Nf5+ 69. Kf3 Bc4 70. Kg4 Bd5 71. Kg5 Ne3 72. Kg6 Be6 73. Kg7 Kf5 74. Kf8 Kf6 75. Ke8 Nd5 76. Kd8 Bg4 77. Ke8 Ke6 78. Kd8 Bh5 79. Kc8 Kd6 80. Kd8 Nc7 81. Kc8 Be8 82. Kd8 Bb5 83. Kc8 Nd5 84. Kd8 Nc7 85. Kc8 Bc6 86. Kd8 Ne6+ 87. Kc8 Kc5 88. Kb8 Kb6 89. Kc8 Be8 90. Kb8 Bd7 91. Ka8 Bc8 92. Kb8 Ba6 93. Ka8 Nc5 94. Kb8 Nd7+ 95. Ka8 Bb7# 0-1

[Event "Antwerp-ch Experts"]
[Site "Antwerp"]
[Date "1999.??.??"]
[Round "?"]
[White "Keustermans, Helmut"]
[Black "Van Soom, Herman"]
[Result "1-0"]
[WhiteElo "2035"]
[BlackElo "1990"]
[PlyCount "61"]
[EventDate "1999.??.??"]
[EventType "tourn"]
[EventRounds "9"]
[EventCountry "BEL"]
[SourceTitle "EXT 2006"]
[Source "ChessBase"]
[SourceDate "2005.11.24"]
[SourceVersion "1"]
[SourceVersionDate "2005.11.24"]
[SourceQuality "1"]

1. b4 e5 2. Bb2 f6 3. a3 d5 4. e3 Be6 5. Nf3 Nd7 6. d4 e4 7. Nfd2 Bd6 8. c4 c6 9. Nc3 Rc8 10. Qb3 Ne7 11. c5 Bb8 12. Ncxe4 Bf7 13. Ng3 f5 14. Bd3 f4 15. exf4 Bxf4 16. Nf3 0-0 17. 0-0 Ng6 18. Bc1 Bb8 19. Bg5 Qc7 20. Qc2 Nf6 21. Bxf6 gxf6 22. Nf5 Qf4 23. Ng3 Qh6 24. Rae1 Rfe8 25. Qd1 Be6 26. Bf5 Bxf5 27. Nxf5 Qf4 28. Qd3 Re4 29. Ng3 Ree8 30. Rxe8+ Rxe8 31. Nh5 1-0